Tilastot visalle Sanat, Sini Sabotage - Levikset repee ft. VilleGalle

Klikkaa tästä pelataksesi tätä visaa!

Yleistilastot

  • Tätä visaa on pelattu 202 kertaa
  • Keskiarvotulos 203 / 351

Vastaustilastot

Vastaus% Oikein
99%
mun
95%
ku
94%
et
93%
ja
93%
sit
93%
sitä
93%
levikset
88%
o
88%
re
88%
me
82%
se
82%
saa
80%
77%
repeemää
76%
aina
75%
ni
75%
on
74%
voi
73%
nii
72%
oo
71%
sun
71%
aika
70%
en
70%
etelää
70%
(mut
70%
mut
70%
ne
70%
voit
70%
räp
69%
femma
68%
iphone
68%
puhut
68%
sen)
67%
sen
67%
albumii
66%
niin
65%
entinen
62%
vetelää
62%
kenen
61%
parempi
61%
diggaan
60%
tulit
60%
duunaat
59%
meno
59%
kenenkää
58%
rakastuu
57%
suli
57%
sydän
57%
toi
57%
tulla
57%
vaikka
57%
räppäriin
56%
kattoo
54%
meet
54%
aah
53%
fiittaa
53%
jumii
53%
kun
53%
säki
52%
vaa
52%
sillon
51%
älä
50%
jemmaa
50%
jos
50%
olla
49%
voitsä
49%
bulii
48%
mimmit
48%
napapaitaa
48%
pitempi
48%
samaa
48%
siin
47%
aikaa
46%
suoria
46%
te
46%
laita
45%
pidä
43%
iha
42%
muista
42%
susta
42%
joten
41%
kii
40%
läppärii
40%
sulle
40%
nyt
39%
ollaan
39%
pistä
38%
ainaku
37%
hampaat
37%
muovia
37%
nenää
37%
nuoria
37%
tietty
37%
sini
36%
tai
35%
aseet
34%
keltasena
34%
korkkis
34%
morkkiksii
34%
onnela
34%
sabotage
34%
sait
34%
kenenkään
33%
nainen
33%
taagi
33%
repemää
32%
blondeja
31%
toinen
31%
kauaa
30%
luona
30%
räplää
30%
noi
29%
känni
28%
olin
28%
tiistaisin
28%
jonotat
27%
kaikki
27%
sabotaagi
27%
kaksinkertasena
26%
salainen
26%
tapa
26%
ämmiä
25%
ettette
25%
muistakaa
25%
niit
25%
luovia
24%
toisenlainen
24%
kestä
23%
oon
23%
suomalaisii
23%
humala
21%
änärin
20%
enää
20%
erilaisii
20%
jumala
20%
takii
20%
seminaissii
19%
sulta
19%
koska
18%
silti
18%
ujo
18%
swagi
17%
veis
17%
vähän
16%
kertaa
15%
täl
15%
kohta
14%
freestylee
13%
hälärin
12%
huulil
12%
joku
12%
kuluta
12%
muuta
12%
älärin
11%
narttu
11%
rupes
11%
voittaa
11%
jotai
10%
mitää
10%
soittaa
8%
flow
7%
mieti
7%
moni
7%
muistappa
7%
ohitat
7%
ois
7%
tämäkin
7%
tehä
7%
tei'n
7%
tytyt
7%
osais
6%
takasin
6%
kuinka
5%
niinku
5%
sulava
4%
koittaa
2%
lähen
2%
pitäskö
2%
ton
2%
enneku
1%
katotaas
1%

Tulosjakauma

Persentiili vastausten määrän mukaan

Jokaisen tuloksen saaneiden osuus

Tuloshistoriasi

Et ole pelannut tätä visaa